Statistics for TV Shows by Opening Narration

Click here to take the quiz!

General Stats

  • This quiz has been taken 15,490 times
  • The average score is 6 of 15

Answer Stats

Opening NarrationShow% Correct
Space. The final frontier.Star Trek
95%
In the criminal justice system, the people are represented by two separate yet
equally important groups.
Law & Order
72%
You're traveling through another dimension. A dimension not only of
sight and sound, but of mind.
The Twilight Zone
61%
Here it comes! From the Bob Barker Studio at CBS in Hollywood!
Television's most exciting hour of fantastic prizes!
The Price is Right
58%
The following takes place between 7:00 AM and 8:00 AM.24
57%
In 1972, a crack commando unit was sent to prison by a military court for a crime
they didn't commit.
The A-Team
55%
And so Dr. Beckett finds himself leaping from life to life, striving to put right what once
went wrong and hoping each time that his next leap – will be the leap home.
Quantum Leap
44%
Gentleman, we can rebuild him. We have the technology.The Six Million
Dollar Man
41%
Now the story of a wealthy family who lost everything and the one son who
had no choice but to keep them all together.
Arrested
Development
31%
My name is Sydney Bristow. Seven years ago I was recruited by a
secret branch of the CIA called SD-6.
Alias
24%
My name is Michael Westen. I used to be a spy.Burn Notice
24%
The story you are about to hear is true. Names have been changed to protect the innocent.Dragnet
19%
There is nothing wrong with your television set. Do not attempt to adjust the picture...The Outer Limits
15%
You are being watched. The government has a secret system, a Machine
that spies on you every hour of every day.
Person of Interest
14%
A shadowy flight into the dangerous world of a man who does not exist.Knight Rider
9%

Score Distribution

Percentile by Number Answered

Percent of People with Each Score

Your Score History

You have not taken this quiz